000
00235nam a2200109Ia 4500
005
20251222114339.0
008
251222s1900||||xx |||||||||||||| ||spa||
082
_a
DVD0060/J39/2001
245
0
_a
Amélie
264
_b
France 3
942
_c
DVD
999
_c
779
_d
779